| 000 | 01356nam a2200241 a 4500 | ||
|---|---|---|---|
| 001 | ASIN0415401178 | ||
| 003 | Nust- CAS-E | ||
| 005 | 20180118181356.0 | ||
| 008 | 140305s2006 xxu eng d | ||
| 020 |
_a0415401178 _c$115.95 |
||
| 020 | _a9780415401173 | ||
| 040 | _c0 | ||
| 082 |
_a622.2 _bNEW 2006 |
||
| 245 | 1 | 0 |
_aInternational mining forum 2006, new technological solutions in underground mining : _bproceedings of the 7th international mining forum, cracow - szczyrk - wieliczka, poland, february 2006 / _cEugeniusz Sobczyk, Jerzy Kicki. |
| 250 | _a0th ed. | ||
| 260 |
_a[S.l.] : _bTaylor & Francis, _c2006. |
||
| 300 |
_a191 p. ; _c26 cm. |
||
| 520 | _aThe International Mining Forum is a recurring event, hosted by the University of Science and Technology in Cracow, Poland, bringing together an international group of scientists, including those working in rock mechanics and computer engineering as well as mining engineers. The topics are wide-ranging, including papers on remote sensing to assess primary impact; treatment of sealed-off coal mine fires; sustainable development in mine closure; and monitoring of natural hazards and safety issues. | ||
| 700 | 1 | _aSobczyk, Eugeniusz. | |
| 700 | 1 | _aKicki, Jerzy. | |
| 856 | 4 | 0 |
_3Amazon.com _uhttp://www.amazon.com/exec/obidos/ASIN/0415401178/chopaconline-20 |
| 942 |
_2ddc _cBK |
||
| 999 |
_c355284 _d355284 |
||